[Event "IECC O email"]
[Site "IECC email"]
[Date "2002.04.23"]
[Round "?"]
[White "Torre, Leandro"]
[Black "Karadi, Kazmer"]
[Result "1-0"]
[WhiteElo "1322"]
[BlackElo "1186"]
[PlyCount "27"]
[EventDate "2002.??.??"]
[EventType "tourn (corr)"]
[EventRounds "6"]
[SourceTitle "Corr 2008"]
[Source "ChessBase"]
[SourceDate "2008.06.24"]
[SourceVersion "1"]
[SourceVersionDate "2008.06.24"]
[SourceQuality "1"]

1. e4 d5 2. exd5 Nf6 3. Bb5+ c6 4. dxc6 Bg4 5. c7+ Nfd7 6. cxd8Q+ Kxd8 7. Qxg4 h5 8. Qf3 a6 9. Qxb7 Nb6 10. Qxb6+ Kc8 11. Bd3 e5 12. Bf5+ Nd7 13. Qc6+ Kd8 14. Qxd7# 1-0